000
00390nam a22001577a 4500
005
20251108164338.0
008
250721s1983 xx 000 0 ara d
082
1
4
_a
691/شري
100
1
_a
الشريف، روحي
245
1
0
_a
مواد البناء /
264
1
_a
عمان :
_b
المؤلف،
_c
1983.
300
_a
254ص
650
1
7
_a
البناء
942
_2
ddc
_c
BK
999
_c
9894
_d
9894